Giáo trình khai phá dữ liệu web

Sách gồm 10 chương, trình bày một số kiến thức cơ bản về khai phá dữ liệu, một số kiến thức toán học cho khai phá dữ liệu web, vấn đề xử lý ngôn ngữ tiếng Việt, phương pháp biểu diễn văn bản, hệ thống tìm kiếm và web ngữ nghĩa....

ver descrição completa

Na minha lista:
Detalhes bibliográficos
Autor principal: Hà, Quang Thuỵ
Outros Autores: Phan, Xuân Hiếu
Formato: Livro
Idioma:Undetermined
Publicado em: H. Giáo dục Việt Nam 2009
Assuntos:
Acesso em linha:http://lrc.tdmu.edu.vn/opac/search/detail.asp?aID=2&ID=6578
Tags: Adicionar Tag
Sem tags, seja o primeiro a adicionar uma tag!
Thư viện lưu trữ: Trung tâm Học liệu Trường Đại học Thủ Dầu Một
LEADER 01399nam a2200217Ia 4500
001 TDMU_6578
008 210410s9999 xx 000 0 und d
082 |a 006.3 
090 |b H100 
100 |a Hà, Quang Thuỵ 
245 0 |a Giáo trình khai phá dữ liệu web 
245 0 |c Hà Quang Thuỵ (chủ biên), ...[và những người khác] 
260 |a H. 
260 |b Giáo dục Việt Nam 
260 |c 2009 
300 |a 311tr. 
520 |a Sách gồm 10 chương, trình bày một số kiến thức cơ bản về khai phá dữ liệu, một số kiến thức toán học cho khai phá dữ liệu web, vấn đề xử lý ngôn ngữ tiếng Việt, phương pháp biểu diễn văn bản, hệ thống tìm kiếm và web ngữ nghĩa. Sách phục vụ cho việc học tập và giảng dạy môn Khai phá dữ liệu web của khoa CNTT Trường ĐH Công nghệ. Sách dùng cho bậc đại học và sau đại học 
650 |a Cơ sở dữ liệu web; Khai phá dữ liệu  |v Giáo trình; Tài liệu sau đại học - Công nghệ thông tin 
700 |a Phan, Xuân Hiếu 
856 |u http://lrc.tdmu.edu.vn/opac/search/detail.asp?aID=2&ID=6578 
980 |a Trung tâm Học liệu Trường Đại học Thủ Dầu Một